00487 2200193 4500001002100000005001500021008004100036020002200077035001900099041000700118082001100125090001700136100002300153245003400176260003100210300002600241500001000267650001600277INLIS00000000000221020241224112509241224||||||||| | ||| |||| || |  a978-602-7663-96-1 0010-1224002210 aid0 a610.28 a610.28 YAN t0 aYani Firda Triyana00aTeknik Prosedural Keperawatan aYogyakartabD-MEDIKAc2013 a219 hlm.:ilus.;20 cm. aCet.1 0aKeperawatan